MARC

LEADER 00000nam0a2200000 4500
001 320614
005 20231102003310.0
035 |a (RuTPU)RU\TPU\book\346145 
090 |a 320614 
100 |a 20160712d1941 km y0rusy50 ca 
101 0 |a rus 
102 |a RU 
105 |a a z 000zy 
200 1 |a Добыча песка на силикатных заводах  |f И. Л. Мак 
210 |a Москва  |a Ленинград  |c Гизместпром РСФСР  |d 1941 
215 |a 76 с.  |c ил. 
606 1 |a Песок  |x Добыча открытая  |x Гидромеханихация  |2 stltpush  |3 (RuTPU)RU\TPU\subj\48680  |9 67529 
606 1 |a Силикатные изделия  |x Производство  |2 stltpush  |3 (RuTPU)RU\TPU\subj\34471  |9 56409 
610 1 |a силикатное производство 
610 1 |a химический состав 
610 1 |a физические свойства 
610 1 |a силикатные кирпичи 
610 1 |a технологические процессы 
610 1 |a песчаные карьеры 
610 1 |a механизация 
610 1 |a транспортировка 
610 1 |a технический контроль 
675 |a 622.35/.36:622.271  |v 4 
675 |a 666  |v 4 
700 1 |a Мак  |b И. Л. 
801 1 |a RU  |b 63413507  |c 20160712 
801 2 |a RU  |b 63413507  |c 20200130  |g RCR 
942 |c BK